[Event "Pontevedra op-B 6th"]
[Site "Pontevedra"]
[Date "2018.08.10"]
[Round "3"]
[White "Arango Fernandez, Alfonso"]
[Black "Ramiro Lozano, Jose Manuel"]
[Result "1/2-1/2"]
[WhiteElo "1965"]
[BlackElo "1860"]
[PlyCount "155"]
[EventDate "2018.08.08"]
[EventType "swiss"]
[EventRounds "9"]
[EventCountry "ESP"]
[SourceTitle "CBM 186 Extra"]
[Source "ChessBase"]
[SourceDate "2018.08.24"]
[SourceVersion "1"]
[SourceVersionDate "2018.08.24"]
[SourceQuality "1"]

1. d4 e6 2. Nf3 f5 3. g3 Nf6 4. Bg2 Be7 5. 0-0 0-0 6. c4 d6 7. Nc3 Ne4 8. Qd3 Nxc3 9. bxc3 Nc6 10. d5 Na5 11. Nd2 e5 12. e4 f4 13. Nb3 f3 14. Bxf3 Nxc4 15. Bg2 Nb6 16. Be3 Qe8 17. Qe2 Bd7 18. c4 Na4 19. Rfc1 b6 20. Rab1 Qg6 21. Rc2 Bg4 22. f3 Bc8 23. Qd2 Qh5 24. Rf1 Bd7 25. Nc1 Qe8 26. Nd3 Qc8 27. Qb4 a5 28. Qa3 Qe8 29. Qc1 Qh5 30. Qd2 Qe8 31. f4 Bf6 32. f5 g6 33. g4 gxf5 34. exf5 Bh4 35. Bg5 Bxg5 36. Qxg5+ Kh8 37. Be4 Rg8 38. Qf6+ Rg7 39. h3 Qd8 40. Qxd8+ Rxd8 41. Kh2 h5 42. Bf3 hxg4 43. Bxg4 Rg5 44. Ne1 Rf8 45. Ng2 Kg7 46. Ne3 Kf6 47. Rg2 Nc5 48. Be2 Rxg2+ 49. Kxg2 Kg5 50. Bg4 Nd3 51. Kf3 Nf4 52. Ke4 Rh8 53. Rg1 Kf6 54. Rh1 Rh4 55. Kf3 Be8 56. Kg3 Rh8 57. Rh2 Nd3 58. Kf3 Nc5 59. h4 Bf7 60. a3 Nb3 61. Nf1 Rg8 62. Ne3 Nc5 63. Rg2 Rh8 64. h5 Bxh5 65. Rh2 Kg5 66. Bxh5 Rxh5 67. Rg2+ Kf6 68. Rg8 Rh3+ 69. Ke2 Rh2+ 70. Kf3 Rh3+ 71. Kf2 Rh2+ 72. Kg3 Rh7 73. Rc8 Ne4+ 74. Kf3 Nd2+ 75. Ke2 Nb1 76. Kd3 Nxa3 77. Rg8 Rh3 78. Ke4 1/2-1/2

[Event "Pontevedra op-B 6th"]
[Site "Pontevedra"]
[Date "2018.08.10"]
[Round "4"]
[White "Boo Vallejo, Marcos"]
[Black "Arango Fernandez, Alfonso"]
[Result "0-1"]
[WhiteElo "1891"]
[BlackElo "1965"]
[PlyCount "97"]
[EventDate "2018.08.08"]
[EventType "swiss"]
[EventRounds "9"]
[EventCountry "ESP"]
[SourceTitle "CBM 186 Extra"]
[Source "ChessBase"]
[SourceDate "2018.08.24"]
[SourceVersion "1"]
[SourceVersionDate "2018.08.24"]
[SourceQuality "1"]

1. d4 Nf6 2. Nf3 d5 3. e3 c6 4. Bd3 Bg4 5. Nbd2 Nbd7 6. c4 e6 7. Qc2 Bd6 8. 0-0 0-0 9. b3 Qe7 10. Bb2 dxc4 11. bxc4 e5 12. Ng5 h6 13. Nge4 Nxe4 14. Nxe4 Bc7 15. h3 Bf5 16. d5 Bxe4 17. Bxe4 cxd5 18. Bxd5 Nc5 19. Rfd1 Rad8 20. a4 b6 21. Bc3 a5 22. Bb2 Kh8 23. Bc6 e4 24. Qc3 f5 25. Ba3 Be5 26. Rd4 Rc8 27. Bd7 Rc7 28. Rb1 Qf6 29. Qd2 Bxd4 30. exd4 Nxd7 31. Bxf8 Nxf8 32. Rc1 Ne6 33. d5 Nc5 34. Qf4 Rb7 35. Rb1 Nxa4 36. Qd2 Nc5 37. Rb5 Rd7 38. Qf4 Rd6 39. Kh2 Nd3 40. Qg3 Qe5 41. c5 Qxg3+ 42. Kxg3 bxc5 43. Rxa5 Rxd5 44. f3 e3 45. Ra2 f4+ 46. Kh4 Ne5 47. Ra6 c4 48. g3 Nxf3+ 49. Kg4 0-1